Vivien Barrière, Stéphane Coviaux, Alban Gautier y Anne Lehoërff, Les mondes du Nord. De la Préhistoire à l’âge viking. Une enquête historique sans précédent. Tallandier, «Humanités», 2025, 656 páginas, 29,90 euros. (notice n° 1712921)
[ vue normale ]
| 000 -LEADER | |
|---|---|
| fixed length control field | 00629cam a2200145 4500500 |
| 005 - DATE AND TIME OF LATEST TRANSACTION | |
| control field | 20260322001219.0 |
| 041 ## - LANGUAGE CODE | |
| Language code of text/sound track or separate title | fre |
| 042 ## - AUTHENTICATION CODE | |
| Authentication code | dc |
| 100 10 - MAIN ENTRY--PERSONAL NAME | |
| Personal name | Plusquellec, Florent |
| Relator term | author |
| 245 00 - TITLE STATEMENT | |
| Title | Vivien Barrière, Stéphane Coviaux, Alban Gautier y Anne Lehoërff, Les mondes du Nord. De la Préhistoire à l’âge viking. Une enquête historique sans précédent. Tallandier, «Humanités», 2025, 656 páginas, 29,90 euros. |
| 260 ## - PUBLICATION, DISTRIBUTION, ETC. | |
| Date of publication, distribution, etc. | 2026.<br/> |
| 500 ## - GENERAL NOTE | |
| General note | 5 |
| 786 0# - DATA SOURCE ENTRY | |
| Note | Études | 4334 | 2 | 2026-01-26 | p. 129-129 |
| 856 41 - ELECTRONIC LOCATION AND ACCESS | |
| Uniform Resource Identifier | <a href="https://shs.cairn.info/revista-etudes-2026-2-page-129?lang=es&redirect-ssocas=7080">https://shs.cairn.info/revista-etudes-2026-2-page-129?lang=es&redirect-ssocas=7080</a> |
Pas d'exemplaire disponible.




Réseaux sociaux